000 02904cam a2200481 i 4500
001 21440038
005 20260606144512.0
008 200220t20202020caua b 001 0 eng
010 _a 2020008928
020 _a9789353882549
_q(Hardback)
020 _z9789353882556
_q(ePub)
020 _z9789353882563
_q(eBook)
035 _a21440038
040 _aDLC
_beng
_cDLC
_erda
_dDLC
042 _apcc
050 0 0 _aLB2331.62
_b.T74 2020
082 0 0 _a378.155
245 0 0 _aTrends and issues in doctoral education :
_ba global perspective /
_cedited by Maria Yudkevich, Philip Altbach, Hans de Wit.
264 1 _aLos Angeles :
_bSAGE,
_c2020.
264 4 _c© 2020.
300 _axviii, 506 pages :
_billustrations ;
_c23 cm
336 _atext
_btxt
_2rdacontent
337 _aunmediated
_bn
_2rdamedia
338 _avolume
_bnc
_2rdacarrier
504 _aIncludes bibliographical references and index.
505 2 _aPart 1.: Introduction -- Part 2.: Europe -- Part 3. North America -- Part 4. Africa -- Part 5. Asia -- Part 6. Latin America -- Part 7.: Middle Eas -- tPart 8. Conclusion.
520 _a"Doctoral education is of prime importance worldwide. In some countries, there is severe shortage of doctoral degree holders, while in others there is an oversupply in many fields. There is a global debate on the best ways of providing doctoral training. To illustrate global trends, the book analyses the current realities of doctoral education with the help of 15 case studies based on different countries and regions. It includes an overview of the state of the literature on doctoral education as well as an analysis of doctoral education from a historical perspective with a detailed comparative discussion. Trends and Issues in Doctoral Education: A Global Perspective also examines the challenges and ideas of current and proposed reforms in doctoral education"--
_cProvided by publisher.
650 0 _aUniversities and colleges
_xRatings and rankings
_vCase studies.
650 0 _aEducation, Higher
_xAims and objectives
_vCase studies.
650 0 _aEducation and globalization
_vCase studies.
650 0 _aHigher education and state
_vCase studies.
655 7 _aCase studies.
_2lcgft
_0https://id.loc.gov/authorities/genreForms/gf2017026140
700 1 _aYudkevich, Maria,
_eeditor.
700 1 _aAltbach, Philip G,
_eeditor.
700 1 _ade Wit, Hans,
_eeditor.
710 2 _aSage Publications.
776 0 8 _iOnline version:
_tTrends and issues in doctoral education
_dLos Angeles : SAGE, 2020.
_z9789353882556
_w(DLC) 2020008929
856 _uhttps://sk.sagepub.com/books/trends-and-issues-in-doctoral-education
_yRead SAGE E-Book
906 _a7
_bcbc
_corignew
_d1
_eecip
_f20
_gy-gencatlg
942 _2ddc
_cEBOOK
999 _c44752
_d44752